| 000 | 00998cab a22001935a 4500 | ||
|---|---|---|---|
| 001 | L154515 | ||
| 008 | 111220e2011 xxk 000 0 eng d | ||
| 035 | _a(Sirsi) u154515 | ||
| 041 | 0 | _aeng | |
| 110 | 2 |
_aProperty Week _91549 |
|
| 245 | 0 | 0 | _aJones Lang LaSalle index reveals prime conditions for borrowing |
| 260 | _c2011 | ||
| 490 | 0 |
_aProperty Week _v77(50) 16 December 2011, 19(1) |
|
| 520 | _aThe "JLL Corporate Finance Property Week Index", formerly known as the "King Sturge Property Week Index", has been renamed and recalculated for September 2011. The index measures the amount that can be lent or borrowed on UK commercial property with reference to prevailing investment yields and interest rates. The current index shows that conditions are excellent for those with good banking connections. Graph covers Q1 2008 until Q3 2011. | ||
| 590 | _aKA | ||
| 651 | 4 |
_aUnited Kingdom _y |
|
| 690 | _aPROPERTY-COMMERCIAL PROPERTY-COMMERCIAL PROPERTY FINANCE AND INVESTMENT | ||
| 942 | _n0 | ||
| 999 |
_c83645 _d83645 |
||